Micro economics (Record no. 9651)
[ view plain ]
| 000 -LEADER | |
|---|---|
| fixed length control field | 00415cam a2200181ua 4500 |
| 001 - CONTROL NUMBER | |
| control field | 10690 |
| 005 - DATE AND TIME OF LATEST TRANSACTION | |
| control field | 20260515114642.0 |
| 008 - FIXED-LENGTH DATA ELEMENTS--GENERAL INFORMATION | |
| fixed length control field | 190327n ii |||gr||||Z||||||eng |
| 020 ## - INTERNATIONAL STANDARD BOOK NUMBER | |
| International Standard Book Number | 9789327257854 |
| 040 ## - CATALOGING SOURCE | |
| Transcribing agency | MAIN |
| 082 ## - DEWEY DECIMAL CLASSIFICATION NUMBER | |
| Classification number | 338.5 |
| 100 ## - MAIN ENTRY--PERSONAL NAME | |
| Personal name | P N Chopra, |
| Relator term | Author. |
| 245 ## - TITLE STATEMENT | |
| Title | Micro economics |
| 260 ## - PUBLICATION, DISTRIBUTION, ETC. | |
| Place of publication, distribution, etc. | Ludhiana: |
| Name of publisher, distributor, etc. | Kalyani publishers, |
| Date of publication, distribution, etc. | 2015. |
| 300 ## - PHYSICAL DESCRIPTION | |
| Extent | 858p. |
| 653 ## - INDEX TERM--UNCONTROLLED | |
| Uncontrolled term | Production |
| 942 ## - ADDED ENTRY ELEMENTS (KOHA) | |
| Koha item type | Books |
| Withdrawn status | Lost status | Damaged status | Not for loan | Home library | Current library | Shelving location | Date acquired | Total checkouts | Full call number | Barcode | Date last seen | Date last checked out | Copy number | Price effective from | Koha item type |
|---|---|---|---|---|---|---|---|---|---|---|---|---|---|---|---|
| Naharkatiya College Library | Naharkatiya College Library | General stacks | 09/19/2020 | 1 | 338.5Micro economics | CHO | 25438 | 03/28/2024 | 03/14/2024 | 1 | 09/19/2020 | Books |